Build your own database
Content and organization of the database. Soft ware issues: types of database software, record and databases structuring and data entry, index creation, index browing, searching, sorting, display, print, and download functions, interface considerations.
Αποθηκεύτηκε σε:
| Κύριος συγγραφέας: | |
|---|---|
| Μορφή: | Βιβλίο |
| Γλώσσα: | Undetermined |
| Έκδοση: |
Chicago
American Library Association
1999
|
| Θέματα: | |
| Ετικέτες: |
Προσθήκη ετικέτας
Δεν υπάρχουν, Καταχωρήστε ετικέτα πρώτοι!
|
| Thư viện lưu trữ: | Trung tâm Học liệu Trường Đại học Cần Thơ |
|---|
| LEADER | 00760nam a2200193Ia 4500 | ||
|---|---|---|---|
| 001 | CTU_135609 | ||
| 008 | 210402s9999 xx 000 0 und d | ||
| 020 | |c 40 | ||
| 082 | |a 005.74 | ||
| 082 | |b J21 | ||
| 100 | |a Jacsó, Péter | ||
| 245 | 0 | |a Build your own database | |
| 245 | 0 | |c Péter Jacsó, F.W. Lancaster | |
| 260 | |a Chicago | ||
| 260 | |b American Library Association | ||
| 260 | |c 1999 | ||
| 520 | |a Content and organization of the database. Soft ware issues: types of database software, record and databases structuring and data entry, index creation, index browing, searching, sorting, display, print, and download functions, interface considerations. | ||
| 650 | |a Database design | ||
| 980 | |a Trung tâm Học liệu Trường Đại học Cần Thơ | ||